| 000 | 00392nam a22001577a 4500 | ||
|---|---|---|---|
| 005 | 20191129142652.0 | ||
| 008 | 191129b xxu||||| |||| 00| 0 spa d | ||
| 041 | _aspa | ||
| 082 | _a390 C162ch | ||
| 100 |
_aCalvo Rodriguez, Benigno _952160 |
||
| 245 | _aEn la chayotera con Chepa | ||
| 260 | _c1998 | ||
| 650 |
_aFOLCLOR COSTARRICENSE _97437 |
||
| 650 |
_aCONCHERIAS _957093 |
||
| 942 | _cBK | ||
| 999 |
_c12523 _d12523 |
||